Statistics for Top 10 NBA Players (2012-2013)

Click here to take the quiz!

General Stats

  • This quiz has been taken 1,039 times
  • The average score is 7 of 10

Answer Stats

RankPlayer% Correct
1LeBron James
99%
3Kevin Durant
86%
5Kobe Bryant
85%
6Dwyane Wade
80%
10Russell Westbrook
63%
4Chris Paul
58%
2Dwight Howard
56%
8Carmelo Anthony
53%
7Derrick Rose
53%
9Rajon Rondo
21%

Score Distribution

Percentile by Number Answered

Percent of People with Each Score

Your Score History

You have not taken this quiz